| 000 | 00000nam 2200000za 4500 |
| 001 | 9.629949 |
| 003 | CaOODSP |
| 005 | 20221107134256 |
| 007 | cr ||||||||||| |
| 008 | 150407s2015 xxca||||o f|0| 0 eng d |
| 020 | |a978-1-100-22070-3 |
| 040 | |aCaOODSP|beng |
| 043 | |an-cn--- |
| 086 | 1 |aIP4-12/2015E-PDF |
| 245 | 00|aStriking the right balance for transparency |h[electronic resource] : |brecommendations to modernize the Access to Information Act. |
| 260 | |aGatineau, Quebec : |bOffice of the Information Commissioner of Canada, |cc2015. |
| 300 | |a104 p. : |btables, graphs. |
| 500 | |aIssued also in French under title: Viser juste pour latransparence : recommandations pour moderniserla Loi sur l’accès à l’information. |
| 690 | 07|aAccess to information|2gcpds |
| 710 | 1 |aCanada. |bInformation Commissioner of Canada. |
| 775 | 08|tViser juste pour la transparence |w(CaOODSP)9.677542 |
| 856 | 40|qPDF|s977 KB|uhttps://publications.gc.ca/collections/collection_2015/ci-oic/IP4-12-2015-eng.pdf |